000 00767nas a2200265 4500
001 BR9804305
003 BR-BrBNA
005 20231205101052.0
007 ta
008 230509b bl.|||p| |||| 00| 00por d
040 _aBR-BrBNA
_bpor
_cBiblioteca Nacional de Agricultura
041 _a(Pt)
072 _aL72
100 1 _aRigolon, L.P.
100 1 _aVargas, L.
245 1 _aPrevalencia de Giardia em bovinos de leite no noroeste do Parana - Brasil
650 _aGado Leiteiro
650 _aFezes
650 _aCisto
650 _aPARANÁ
650 _aGiardiase
773 0 _tRevista UNIMAR. Ciencias Agrarias (Brazil)
_xISSN 0100-9354
_g(Sep 1996), v. 18(3) p. 617-626
_wBR9804305
909 _a202311
_bLúcia
_c55
_dLúcia Elande
942 _2AGRIS
_n0
_cANA
999 _c159530
_d159530